Geography starting in F, with second letters A-Z - Statistics

General Stats
  • This quiz has been taken 14 times
  • The average score is 7 of 26
Answer Stats
2nd letter Clue Answer starting with F % Correct
E Moroccan city known for its hats (3) Fez
85%
L Low-lying part of Belgium (8) Flanders
77%
U Atoll and capital of Tuvalu (8) Funafuti
77%
I Where sharks may be seen at the surface? (7) Finland
69%
A Mother feels a gust of wind in a Cypriot resort (9) Famagusta
54%
R I think, therefore I am in this place (6) France
54%
X The code for Fort Lauderdale Executive Airport (3) FXE
46%
O Town in the Highlands where a conqueror might be garrisoned? (11) Fort William
23%
Y Lancashire borough where one may be misled (5) Fylde
23%
C A road in rural western Indiana (7) Fca Road
15%
F Resting without bookends on moon with gravity, in Welsh community (10) Ffestiniog
15%
G Are you returning to a town in Malta? (5) Fgura
15%
H Name of a loch on the Isle of Lewis, where lion has thought about blood type at famous hippie street without a junction (15) Fhleoideabhaigh
15%
K Starmer in a Mauritanian depression (8) Fkeïrina
15%
N Moroccan town where ID is needed before vitamins can be obtained (6) Fnidek
15%
V Highway in Manila with the initials of ex-President Ramos (7) FVR Road
15%
W Mountain in the Atlas where a whisky fighter is found (5) Fwawf
15%
Z Hamlet in Chad listed as Fizigi, although spelled this other way according to a couple of sources' user interfaces (6) Fzigui
15%
B Half of Spain found in Brazilian street (5) Fbesp
8%
M At speed of sound, ski from top of Everest into Argentinian district (9) Fmacheski
8%
P Name of a road near Miami which gives access for maintenance, etc (14) Fpl Service Road
8%
Q We see height of Scottish hill and sale of hotel in Moroccan city (13) Fquih Ben Saleh
8%
T Sailed back with no prow or stern to Greek village (6) Ftelia
8%
S In Jordan, a draw is a loss; nothing brings us to hamlet in Madagascar (10) Fsinjorano
0%
D Village in Mauritania where Germanic emperors are gone; the East is no more (7) Fderick
0%
J Confusing areas near Scottish church, by Swedish town (13) Fjaeras kyrkby
0%
No matching quizzes found
Score Distribution
Percent of People with Each Score
Percentile by Number Answered
Your Score History
You have not taken this quiz